| 000 | 00871nam0a22002531 4500 | ||
|---|---|---|---|
| 001 | rc\3179229 | ||
| 005 | 20250530094720.0 | ||
| 021 |
_aRU _b[75-40681] |
||
| 035 | _a(NLR Aleph) 007346644 | ||
| 090 |
_a6165449 _c6165449 |
||
| 100 | _a20120628d1975 |||y0rusy50 ca | ||
| 101 | 0 | _arus | |
| 102 | _aRU | ||
| 105 | _ay b ||||| | ||
| 200 | 1 | _aТоржество ленинской национальной политики и ее буржуазные фальсификаторы | |
| 210 |
_aМинск _cБеларусь _d1975 |
||
| 215 |
_a160 с. _d20 |
||
| 606 |
_aНациональная политика СССР _xИсториография буржуазная _2psbo |
||
| 700 | 1 |
_aМарцуль _bГ.С. _gГеннадий Семенович |
|
| 801 | 0 |
_aRU _bNLR _gpsbo |
|
| 801 | 1 |
_aRU _bELAR _2rusmarc |
|
| 852 |
_aNLR _j75-3/2947 |
||
| 942 | _cBOOK | ||
| 980 | _aNB | ||